| 000 | 00927cam a22002891 4500 | ||
|---|---|---|---|
| 001 | 6795650 | ||
| 003 | TR-AnTOB | ||
| 005 | 20240805131328.0 | ||
| 008 | 780202s1877 enkbef 000 0 eng | ||
| 010 | _a 04017984 | ||
| 020 | _a9781859642306 | ||
| 040 |
_aDLC _beng _cNNU _dDLC _erda |
||
| 041 | _aeng | ||
| 050 | 0 | 0 |
_aDT189 _b.R13 2010 |
| 090 |
_aDT189 _b.R13 2010 |
||
| 100 | 1 |
_aRae, Edward, _d1847- _eaut |
|
| 245 | 1 | 4 |
_aThe country of the Moors : _ba journey from Tripoli in Barbary to the city of Kairwân / _cEdward Rae. |
| 264 |
_aLondon _bJ. Murray, _c1877. |
||
| 300 |
_axvi, [2], 334 pages ; _b6 pl.(incl. front.), map, 2 plans. _c20 cm. |
||
| 336 |
_atext _2rdacontent |
||
| 337 |
_aunmediated _2rdamedia |
||
| 338 |
_avolume _2rdacarrier |
||
| 590 | _aDonated by Yrd. Doç. Dr. Serpil Atamaz Topçu. | ||
| 651 | 0 |
_aAfrica, North _xDescription and travel. |
|
| 942 |
_2lcc _cBK |
||
| 999 |
_c200426915 _d44839 |
||